| 000 | 00000cam 2200000zi 4500 |
| 001 | 9.960002 |
| 003 | CaOODSP |
| 005 | 20260408075855 |
| 006 | m o d f |
| 007 | cr cn |||||||| |
| 008 | 260216t20262026onco o f000 0 eng d |
| 020 | |a9780660984490 |
| 040 | |aCaOODSP|beng|erda|cCaOODSP |
| 043 | |an-cn--- |
| 086 | 1 |aH14-676/2026E-PDF |
| 245 | 00|aGrief and serious illness : |psupport for people living with serious illness. |
| 264 | 1|a[Ottawa] : |bHealth Canada = Santé Canada, |c[2026] |
| 264 | 4|c©2026 |
| 300 | |a1 online resource (2 unnumbered pages) : |bcolour photographs |
| 336 | |atext|btxt|2rdacontent |
| 337 | |acomputer|bc|2rdamedia |
| 338 | |aonline resource|bcr|2rdacarrier |
| 500 | |aIssued also in French under title: Le deuil et les maladies graves : soutien aux personnes ayant une maladie grave. |
| 500 | |a" Pub.: 250448." |
| 650 | 0|aGrief therapy|zCanada. |
| 650 | 0|aPalliative treatment|zCanada. |
| 710 | 1 |aCanada. |bHealth Canada, |eissuing body. |
| 775 | 08|tLe deuil et les maladies graves. |w(CaOODSP)9.960000 |
| 776 | 0#|tGrief and serious illness. |w(CaOODSP)9.960001 |
| 856 | 40|qPDF|s990 KB|uhttps://publications.gc.ca/collections/collection_2026/sc-hc/H14-676-2026-eng.pdf |
| 856 | 4 |qHTML|sN/A|uhttps://www.canada.ca/en/health-canada/services/publications/health-system-services/grief-serious-illness-support-people-living.html |
| 986 | |a250448 |